000 01205nam a22002537a 4500
005 2011060107457.0
010 _aENG-102531 B-452318
020 _a9789380607061
_c695.00
035 _aEN-86064 B-452318
037 _bDBAD / PUB
082 _a780.95482
100 _aVenkatasubramanian, T. K.
_941285
245 _aMusic as history in Tamilnadu /
_cby T.K. Venkatasubramanian.
260 _aDelhi
_bPrimus Books
_c2010
270 _aVirat Bhavan, Mukherjee Nagar Commercial Complex
_bDelhi
_e110009
300 _axvi, 157 p. :
_c25cm (Hb)
_bill.
500 _aIncludes bibliographical references and index
650 _aMusic
_xHistory and criticism.
_zIndia
_zTamil Nadu
_941286
700 _927415
942 _adpl
_cEN
_2ddc
_mVEN
_h780.95482
999 _c52655
_d52655